BIBLIOTECA

SENCICO

Hospitals and medical facilities : (Registro nro. 2622)

Detalles MARC
000 -LEADER
fixed length control field 00956nam a2200289Ia 4500
003 - CONTROL NUMBER IDENTIFIER
control field PE SENCICO BE
005 - DATE AND TIME OF LATEST TRANSACTION
control field 20251020182548.0
008 - FIXED-LENGTH DATA ELEMENTS--GENERAL INFORMATION
fixed length control field 200515s9999 xx 000 0 und d
020 ## - INTERNATIONAL STANDARD BOOK NUMBER
International Standard Book Number 978-3-866922-674-3
040 ## - CATALOGING SOURCE
Original cataloging agency PE SENCICO BE
Transcribing agency PE SENCICO BE
041 ## - LANGUAGE CODE
Language code of text/sound track or separate title eng
082 ## - DEWEY DECIMAL CLASSIFICATION NUMBER
Classification number 690.551
Edition information H
245 10 - TITLE STATEMENT
Title Hospitals and medical facilities :
Remainder of title construction and design manual /
Statement of responsibility, etc. editor: Philipp Meuser
250 ## - EDITION STATEMENT
Edition statement [1 ed.]
260 ## - PUBLICATION, DISTRIBUTION, ETC.
Place of publication, distribution, etc. Berlin :
Name of publisher, distributor, etc. Dom Publishers,
Date of publication, distribution, etc. 2019
300 ## - PHYSICAL DESCRIPTION
Extent 439 páginas :
Other physical details ilustraciones a color, láminas, diagramas ;
Dimensions 28 cm.
520 ## - SUMMARY, ETC.
Summary, etc. Texto en inglés.
650 10 - SUBJECT ADDED ENTRY--TOPICAL TERM
Topical term or geographic name entry element Hospitales
9 (RLIN) 1160
650 20 - SUBJECT ADDED ENTRY--TOPICAL TERM
Topical term or geographic name entry element Construcción
9 (RLIN) 177
650 20 - SUBJECT ADDED ENTRY--TOPICAL TERM
Topical term or geographic name entry element Mantenimiento de hospitales
9 (RLIN) 1498
650 20 - SUBJECT ADDED ENTRY--TOPICAL TERM
Topical term or geographic name entry element Arquitectura de hospitales
9 (RLIN) 1499
650 20 - SUBJECT ADDED ENTRY--TOPICAL TERM
Topical term or geographic name entry element Diseño arquitectónico
9 (RLIN) 18
650 20 - SUBJECT ADDED ENTRY--TOPICAL TERM
Topical term or geographic name entry element Espacios públicos
9 (RLIN) 760
650 20 - SUBJECT ADDED ENTRY--TOPICAL TERM
Topical term or geographic name entry element Unidades médicas
9 (RLIN) 1500
700 1# - ADDED ENTRY--PERSONAL NAME
9 (RLIN) 1501
Personal name Meuser, Philipp
Relator term editor
942 ## - ADDED ENTRY ELEMENTS (KOHA)
Koha item type Libros
Source of classification or shelving scheme Dewey Decimal Classification
Existencias
Fecha de la última vez que lo usaron Número de ingreso o de inventario Pago total Signatura topográfica completa Precio efectivo desde Tipo de documento Estado perdido Sistema de clasificación Estado dañado No es para préstamo Retirado Ubicación permanente Ubicación actual Fecha de adquisición Fuente de adquisición
06/09/2023 16677   690.551/H 06/09/2023 Libros   Dewey Decimal Classification       Biblioteca Central Lima Biblioteca Central Lima 14/08/2023 Comprado de la librería Megabook